书目信息 |
| 题名: |
集成固体微波电路
|
|
| 作者: | 吴万春 编 | |
| 分册: | ||
| 出版信息: | 北京 国防工业出版社 1981 |
|
| 页数: | 488页 | |
| 开本: | 25cm | |
| 丛书名: | ||
| 单 册: | ||
| 中图分类: | TN454 , TN43 | |
| 科图分类: | ||
| 主题词: | 微波集成电路 , 半导体集成电路 | |
| 电子资源: | ||
| ISBN: | ||
| 000 | 00651nam0 2200253 45 | |
| 001 | 0181004164 | |
| 005 | 20061123151620.56 | |
| 010 | @dCNY3.15 | |
| 091 | @aCN@b15034.2094 | |
| 100 | @a19950424d1981 em y0chiy0121 ea | |
| 101 | 0 | @achi |
| 102 | @aCN@b110000 | |
| 105 | @ay z 000yy | |
| 200 | 10 | @a集成固体微波电路@Aji cheng gu ti wei bo dian lu@f吴万春编 |
| 210 | @a北京@c国防工业出版社@d1981 | |
| 215 | @a488页@d25cm | |
| 606 | @a微波集成电路 | |
| 606 | 0 | @a半导体集成电路 |
| 690 | @aTN454@v3 | |
| 690 | @aTN43@v3 | |
| 701 | 0 | @a吴万春@Awu wan chun@4编 |
| 801 | 2 | @aCN@bNLC@c20061123 |
| 801 | 0 | @aCN@bTSSF |
| 905 | @a10447@dTN43@e18 | |
| 集成固体微波电路/吴万春编.-北京:国防工业出版社,1981 |
| 488页;25cm |
| ISBN :CNY3.15 |
| ● |
| 相关链接 |
|
|
|
|
正题名:集成固体微波电路
索取号:TN43/18
 
预约/预借
| 序号 | 登录号 | 条形码 | 馆藏地/架位号 | 状态 | 备注 |
| 1 | 0051066 | 001352431 | 第二样本阅览室/ [索取号:TN43/18] | 在馆 |